Guess the Celebrity by their Picture #7 - Statistics

General Stats
  • This quiz has been taken 79 times
  • The average score is 3 of 15
Answer Stats
Picture Answer % Correct
Patrick Stewart
54%
Ian McKellen
50%
Lana del Rey
47%
James McAvoy
32%
Ralph Macchio
28%
Jace Norman
24%
Sophie Turner
21%
Rose Byrne
18%
William Zabka
15%
January Jones
10%
Angie Harmon
7%
AJ Mitchell
3%
Anneliese van der Pol
3%
Dennis Haysbert
3%
Lynn Collins
1%
No matching quizzes found
Score Distribution
Percent of People with Each Score
Percentile by Number Answered
Your Score History
You have not taken this quiz